| 000 | 00874nam a2200253 a 4500 | ||
|---|---|---|---|
| 001 | 639 | ||
| 003 | BR-CuiBMT | ||
| 005 | 20231111224856.0 | ||
| 008 | 231111s2018 dtb 000 0 por d | ||
| 020 | _a9788595270329 | ||
| 040 |
_aBR-CuiBMT _cBR-CuiBMT |
||
| 080 |
_22007 _a343.37 |
||
| 090 |
_a343.37 _bI58 |
||
| 245 | 1 | 0 |
_aInovações no direito penal econômico : _bprevenção e repressão da criminalidade empresarial / _cArtur de Brito Gueiros Souza, Juliana de Azevedo Santa Rosa Câmara, (organizadores). |
| 260 |
_aBrasília : _bESMPU, _c2018. |
||
| 300 |
_a296 p. ; _c23 cm |
||
| 504 | _aInclui bibliografia. | ||
| 650 |
_aDireito penal econômico _zBrasil |
||
| 650 |
_aEmpresa _vresponsabilidade penal _zBrasil |
||
| 650 | _aLavagem de dinheiro | ||
| 650 | _aAcordo de leniência | ||
| 700 | 1 |
_aCâmara, Juliana de Azevedo Santa Rosa _dorg. |
|
| 942 |
_2udc _cLV |
||
| 999 |
_c639 _d639 |
||